[Event "Berliner Sommer"]
[Site "Berlin GER"]
[Date "1993.??.??"]
[Round "?"]
[White "Bagirov, Vladimir K"]
[Black "Ciemniak, Robert"]
[Result "0-1"]
[WhiteElo "2530"]
[BlackElo "2440"]
[PlyCount "65"]
[EventDate "1993.08.??"]
[Source "www.chesslib.no"]
[SourceDate "2004.05.04"]

1. b3 d5 2. Bb2 Nf6 3. e3 Bf5 4. d3 e6 5. g3 Be7 6. Bg2 O-O 7. Nd2 h6 8. e4 Bh7 9. e5 Nfd7 10. f4 c5 11. Ngf3 Nc6 12. O-O b5 13. Kh1 Nb6 14. Ne1 Rc8 15. c4 bxc4 16. dxc4 dxc4 17. bxc4 Qd7 18. Rf2 Rfd8 19. Rc1 Nb4 20. Qb3 Na4 21. Ba1 Rb8 22. Qa3 Nb6 23. Bf3 Qa4 24. Qxa4 Nxa4 25. Ne4 Nb6 26. Kg2 Nd3 27. Nxd3 Rxd3 28. Re2 Rbd8 29. Nf2 Rd2 30. Kf1 g5 31. Ke1 R2d7 32. Bc6 Rc7 33. Be4 0-1

[Event "Elgoibar"]
[Site "Elgoibar ESP"]
[Date "1994.??.??"]
[Round "?"]
[White "Ubilava, Elizbar E"]
[Black "Alvarez Ibarra, Rafael"]
[Result "0-1"]
[WhiteElo "2535"]
[BlackElo "2435"]
[PlyCount "106"]
[EventDate "1994.11.??"]
[Source "www.chesslib.no"]
[SourceDate "2004.05.04"]

1. b3 d5 2. Bb2 Bg4 3. h3 Bh5 4. d3 Nd7 5. g4 Bg6 6. Bg2 e6 7. h4 h6 8. Nh3 Qxh4 9. e4 Qe7 10. Nf4 Bh7 11. Nd2 dxe4 12. dxe4 Ngf6 13. e5 Nd5 14. Bxd5 exd5 15. Nxd5 Qc5 16. c4 Qc6 17. Qf3 Nb6 18. Bd4 Nxd5 19. cxd5 Qc2 20. d6 O-O-O 21. O-O Qxd2 22. Rac1 Rd7 23. Rfd1 Qg5 24. Rc5 f5 25. Rdc1 Qxg4+ 26. Qxg4 fxg4 27. Rxc7+ Rxc7 28. Rxc7+ Kb8 29. a4 Bf5 30. a5 h5 31. a6 bxa6 32. Bxa7+ Ka8 33. Bc5 h4 34. Kh2 g6 35. Be3 Bh6 36. Bxh6 Rxh6 37. Rf7 Kb8 38. Rf6 Rh8 39. e6 Kc8 40. e7 Re8 41. b4 Kd7 42. Rf8 Be4 43. Rf6 Bd3 44. Kg2 Be4+ 45. Kh2 Bc2 46. Kg2 g5 47. Kh2 Be4 48. Rf8 Bb7 49. Rf6 Bc6 50. Rg6 a5 51. Rxg5 a4 52. Rxg4 a3 53. Rg7 a2 0-1

[Event "Catalunya-chT"]
[Site "?"]
[Date "1999.??.??"]
[Round "8"]
[White "Mellado Trivino Juan"]
[Black "Rahal Michael"]
[Result "1/2-1/2"]
[WhiteElo "2505"]
[BlackElo "2465"]
[PlyCount "93"]
[EventDate "1999.??.??"]
[Source "www.chesslib.no"]
[SourceDate "2004.05.04"]

1. b3 d5 2. Bb2 Bg4 3. f3 Bf5 4. g3 Nd7 5. f4 Be4 6. Nf3 Bxf3 7. exf3 e6 8. Qe2 Ngf6 9. f5 Qe7 10. fxe6 Qxe6 11. Qxe6+ fxe6 12. d4 c5 13. dxc5 Bxc5 14. Nd2 e5 15. O-O-O O-O 16. Bh3 Rae8 17. Rhe1 Bd6 18. Ne4 dxe4 19. Rxd6 Nb8 20. fxe4 Nc6 21. Be6+ Kh8 22. Ba3 Nd4 23. Rxd4 exd4 24. Bxf8 Rxe6 25. e5 Ng4 26. Re4 Nxh2 27. Rxd4 Kg8 28. Rd8 Kf7 29. Bd6 Rg6 30. Bb8 Ke7 31. Rh8 h6 32. Bxa7 Rxg3 33. Rb8 Nf3 34. Rxb7+ Ke6 35. Rb6+ Ke7 36. Rb4 h5 37. Bc5+ Ke6 38. Rb6+ Kd5 39. b4 Nxe5 40. Rb8 Rg2 41. Rd8+ Kc4 42. a4 Nc6 43. Rg8 Rg6 44. Kb2 h4 45. Rh8 Rh6 46. Rxh6 gxh6 47. c3 1/2-1/2

[Event "Bad Endbach"]
[Site "Bad Endbach"]
[Date "1995.??.??"]
[Round "?"]
[White "Bischoff, Klaus"]
[Black "Chabanon, Jean Luc"]
[Result "1/2-1/2"]
[WhiteElo "2525"]
[BlackElo "2445"]
[PlyCount "65"]
[EventDate "1995.04.??"]
[Source "ChessBase"]

1. b3 d5 2. e3 Bf5 3. Bb2 e6 4. Nf3 Nd7 5. Be2 h6 6. O-O Ngf6 7. c4 Be7 8. cxd5 exd5 9. a3 O-O 10. d3 Nc5 11. Nd4 Bh7 12. b4 Ne6 13. Nd2 a5 14. Nxe6 fxe6 15. Bc3 axb4 16. axb4 Qd6 17. Nf3 Nd7 18. Qb3 e5 19. Qb2 Bf6 20. Rxa8 Rxa8 21. Ra1 Re8 22. d4 e4 23. Nd2 Bf5 24. Ra7 b6 25. b5 Be7 26. Nf1 Nf6 27. Be1 Bg4 28. Bxg4 Nxg4 29. Qc2 Bd8 30. Qe2 Nf6 31. f3 exf3 32. gxf3 Nh7 33. Qg2 1/2-1/2

[Event "Capablanca mem Premier 33rd"]
[Site "Havana"]
[Date "1998.05.16"]
[Round "9"]
[White "Teske, Henrik"]
[Black "De la Riva Aguado, Oscar"]
[Result "1/2-1/2"]
[WhiteElo "2475"]
[BlackElo "2495"]
[PlyCount "27"]
[EventDate "1998.05.07"]
[Source "ChessBase"]
[SourceDate "1998.08.06"]

1. b3 d5 2. Bb2 Bg4 3. h3 Bh5 4. c4 e6 5. g3 c6 6. Bg2 Nf6 7. Nf3 Nbd7 8. O-O Be7 9. d3 O-O 10. Nbd2 a5 11. a3 Re8 12. Qc2 Bf8 13. Rfe1 e5 14. e4 1/2-1/2

[Event "London WFW"]
[Site "London"]
[Date "1989.??.??"]
[Round "?"]
[White "Wolff, Patrick G"]
[Black "Davies, Nigel R"]
[Result "0-1"]
[WhiteElo "2485"]
[BlackElo "2485"]
[PlyCount "120"]
[EventDate "1989.05.??"]
[Source "ChessBase"]

1. b3 d5 2. Bb2 Bg4 3. g3 c6 4. Bg2 Nd7 5. Nf3 Ngf6 6. d3 e6 7. Nbd2 a5 8. a3 Bd6 9. O-O O-O 10. Qe1 Re8 11. e4 e5 12. h3 Bxf3 13. Bxf3 Nc5 14. Bg2 Qc7 15. Qe2 Rad8 16. Rad1 dxe4 17. dxe4 b5 18. a4 bxa4 19. Nc4 axb3 20. cxb3 Nxb3 21. Qe3 Nd4 22. Nxe5 Bxe5 23. Bxd4 Bxd4 24. Rxd4 Rxd4 25. Qxd4 Rd8 26. Qc3 Qb6 27. Ra1 Ra8 28. e5 Nd5 29. Bxd5 cxd5 30. Ra4 Qb5 31. Qa3 h6 32. Kg2 Qe2 33. Qd6 Qb5 34. Rg4 Qa6 35. Qxd5 a4 36. Rf4 Ra7 37. Rxf7 Rxf7 38. e6 a3 39. exf7+ Kf8 40. Qa2 Qb7+ 41. Kg1 Qf3 42. Kf1 Qd1+ 43. Kg2 Qa4 44. Kf3 Ke7 45. Ke3 Qa8 46. h4 h5 47. f3 Qa7+ 48. Kd3 Qa6+ 49. Kd2 Qd6+ 50. Ke3 Qe5+ 51. Kd3 Qd6+ 52. Ke3 Qe5+ 53. Kd3 Qb5+ 54. Kc3 Qc6+ 55. Kb4 Qxf3 56. Qc4 Kf8 57. Qe6 Qa8 58. Qa2 Qb8+ 59. Kc5 Qxg3 60. Kc6 Qf3+ 0-1

[Event "Commonwealth-ch"]
[Site "?"]
[Date "2000.??.??"]
[Round "11"]
[White "Ibragimov Ildar"]
[Black "Harikrishna Penteala"]
[Result "1/2-1/2"]
[WhiteElo "2611"]
[BlackElo "2354"]
[PlyCount "75"]
[EventDate "2000.??.??"]
[Source "www.chesslib.no"]
[SourceDate "2004.05.04"]

1. b3 d5 2. Bb2 Nf6 3. e3 Bg4 4. Be2 Bxe2 5. Qxe2 Nbd7 6. f4 e6 7. Nf3 Bd6 8. d3 c6 9. Ne5 Qa5+ 10. Nd2 Bb4 11. a3 Bxd2+ 12. Qxd2 Qxd2+ 13. Kxd2 Nxe5 14. Bxe5 Nd7 15. Bb2 f6 16. g4 e5 17. g5 fxg5 18. fxe5 O-O 19. Ke2 Rf5 20. Raf1 Raf8 21. Rxf5 Rxf5 22. d4 g4 23. Rg1 h5 24. c4 Nf8 25. cxd5 cxd5 26. e4 dxe4 27. Ke3 Ne6 28. Kxe4 Rf2 29. Bc1 Rxh2 30. Be3 Re2 31. d5 Nc7 32. d6 Ne6 33. Kd5 Nd8 34. Bf4 Nc6 35. b4 a6 36. e6 g5 37. Bg3 h4 38. Re1 1/2-1/2

[Event "ch-SWE"]
[Site "Umea"]
[Date "2003.07.06"]
[Round "7"]
[White "Karlsson, Lars"]
[Black "Hillarp Persson, Tiger"]
[Result "1/2-1/2"]
[WhiteElo "2478"]
[BlackElo "2474"]
[PlyCount "94"]
[EventDate "2003.06.29"]
[Source "Roberto Alvarez"]
[SourceDate "2003.07.14"]

1. b3 d5 2. Bb2 Bg4 3. Nf3 Bxf3 4. gxf3 e6 5. f4 Nf6 6. e3 g6 7. d3 Bg7 8. Nd2 O-O 9. c4 c5 10. Bg2 Nc6 11. a3 Rc8 12. O-O d4 13. Qe2 a5 14. Rab1 Qe7 15. b4 axb4 16. axb4 Nxb4 17. Ba3 b5 18. Nb3 bxc4 19. Nxc5 Nxd3 20. exd4 Nxf4 21. Qf3 Nxg2 22. Kxg2 Nd5 23. Nb7 Qg5+ 24. Kh1 Bxd4 25. Bxf8 Rxf8 26. Nd6 c3 27. Ne4 Qf4 28. Qxf4 Nxf4 29. Rb4 e5 30. Rc4 Rb8 31. Nxc3 Rb2 32. Ne4 Re2 33. Ng3 Rxf2 34. Rxf2 Bxf2 35. Ne4 Bd4 36. Rc7 h6 37. Rd7 g5 38. Nd6 f6 39. Nf5 h5 40. Nxd4 exd4 41. Rxd4 Kg7 42. h4 Kg6 43. hxg5 fxg5 44. Ra4 h4 45. Kh2 Kf5 46. Ra5+ Kg4 47. Ra4 Kf3 1/2-1/2

[Event "Cappelle Open"]
[Site "Cappelle la Grande FRA"]
[Date "1994.??.??"]
[Round "9"]
[White "Berry, Stephen"]
[Black "Chernin, Alexander M"]
[Result "0-1"]
[WhiteElo "2320"]
[BlackElo "2630"]
[PlyCount "88"]
[EventDate "1994.02.??"]
[Source "www.chesslib.no"]
[SourceDate "2004.05.04"]

1. b3 d5 2. Bb2 Bg4 3. d3 f6 4. Nd2 e5 5. Ngf3 c5 6. e4 d4 7. Be2 Be6 8. O-O Nc6 9. a4 Nh6 10. Nc4 Qd7 11. Bc1 Nf7 12. Nh4 g6 13. g3 Be7 14. Ng2 O-O-O 15. f4 Rdg8 16. Bf3 Bh3 17. f5 gxf5 18. exf5 Bxf5 19. a5 Be6 20. Qe2 h5 21. a6 b6 22. Kh1 f5 23. Bd2 h4 24. gxh4 Bxh4 25. Nxh4 Rxh4 26. Rg1 Rgh8 27. Rg2 Bd5 28. Be1 e4 29. dxe4 fxe4 30. Bg4 Rxg4 31. Qxg4 e3 32. Qxd7+ Kxd7 33. Bg3 Nb4 34. Rc1 b5 35. Ne5+ Nxe5 36. Bxe5 Re8 37. Bg3 c4 38. bxc4 bxc4 39. Kg1 Bxg2 40. Kxg2 d3 41. cxd3 cxd3 42. Rc7+ Ke6 43. Kf3 d2 44. Ke2 Rd8 0-1

[Event " Bundesliga 2004/2005"]
[Site "Germany"]
[Date "2004.11.28"]
[Round "4.8"]
[White "Enders, Peter"]
[Black "Keitlinghaus, Ludger"]
[Result "1/2-1/2"]
[WhiteElo "2456"]
[BlackElo "2493"]
[PlyCount "71"]
[EventDate "2005.11.11"]
[Source "Roberto Alvarez"]
[SourceDate "2004.12.06"]

1. b3 d5 2. Bb2 Bf5 3. d3 e6 4. Nd2 Nf6 5. g3 h6 6. Bg2 Bh7 7. e4 c6 8. Qe2 Bb4 9. e5 Nfd7 10. Qg4 Bxd2+ 11. Kxd2 O-O 12. Nf3 c5 13. Rhe1 Nc6 14. Ke2 d4 15. Kf1 Qc7 16. Qf4 g5 17. Qd2 Ncxe5 18. Nxe5 Nxe5 19. h4 f6 20. hxg5 hxg5 21. Kg1 Bf5 22. b4 Rad8 23. bxc5 Qxc5 24. Rac1 Rf7 25. a3 Bg4 26. f4 Nf3+ 27. Bxf3 Bxf3 28. fxg5 fxg5 29. Rxe6 Qf5 30. Rce1 Rh7 31. R1e5 Rh1+ 32. Kf2 Rh2+ 33. Ke1 Rh1+ 34. Kf2 Rh2+ 35. Ke1 Rh1+ 36. Kf2 1/2-1/2

[Event "Schaakfestival Groningen 2008 - Open A"]
[Site "Groningen OLA"]
[Date "2008.12.29"]
[Round "8.8"]
[White "Starostits, Ilmars"]
[Black "Hoffmann, Michael"]
[Result "1/2-1/2"]
[WhiteElo "2480"]
[BlackElo "2469"]
[PlyCount "101"]
[EventDate "2008.12.21"]
[Source "www.chesslib.no"]
[SourceDate "2004.05.04"]

1. b3 d5 2. e3 Nf6 3. Bb2 c5 4. d3 Nc6 5. Nd2 g6 6. c4 d4 7. exd4 Nxd4 8. Ngf3 Nxf3+ 9. Nxf3 Bg7 10. Be2 Qa5+ 11. Qd2 Qxd2+ 12. Nxd2 Nh5 13. Bxg7 Nxg7 14. O-O-O Ne6 15. Rhe1 Nd4 16. Bf3 Nxf3 17. Nxf3 Bg4 18. d4 cxd4 19. Rxd4 Bxf3 20. gxf3 Rd8 21. Red1 Rxd4 22. Rxd4 e6 23. c5 Ke7 24. Rb4 Rb8 25. Kc2 Kd7 26. Rf4 Rf8 27. Kc3 Kc6 28. b4 a5 29. Rd4 axb4+ 30. Kxb4 g5 31. a4 Rg8 32. a5 Rg6 33. Rd6+ Kc7 34. a6 bxa6 35. Rxa6 Rf6 36. Kb5 Rxf3 37. Ra7+ Kb8 38. Re7 Rxf2 39. Kc6 h5 40. Re8+ Ka7 41. Re7+ Ka6 42. Re8 Ka5 43. h3 g4 44. hxg4 hxg4 45. Rg8 f5 46. Kd6 Rd2+ 47. Kxe6 f4 48. Rxg4 f3 49. Rf4 f2 50. Ke5 Kb5 51. Ke4 1/2-1/2

[Event "Krasnodar (Russia)"]
[Site "?"]
[Date "2002.??.??"]
[Round "9"]
[White "Savchenko Boris"]
[Black "Zakharstov Viacheslav V"]
[Result "0-1"]
[WhiteElo "2431"]
[BlackElo "2515"]
[PlyCount "52"]
[EventDate "2002.??.??"]
[Source "www.chesslib.no"]
[SourceDate "2004.05.04"]

1. b3 d5 2. Bb2 Bg4 3. Nf3 Bxf3 4. exf3 e6 5. d4 Nf6 6. Nd2 c5 7. dxc5 Bxc5 8. Bd3 O-O 9. O-O Nc6 10. f4 Bd4 11. c3 Bc5 12. Nf3 Qd6 13. b4 Bb6 14. g3 a5 15. b5 Ne7 16. c4 Rfd8 17. Be5 Qa3 18. Qe2 dxc4 19. Bxc4 Nf5 20. Bxe6 fxe6 21. Bxf6 gxf6 22. Qxe6+ Kg7 23. Qxf5 Qxf3 24. Rae1 Rd6 25. Re7+ Kf8 26. Ree1 Kg8 0-1

[Event "Poutiainen Memorial"]
[Site "Helsinki FIN"]
[Date "1983.??.??"]
[Round "?"]
[White "Schussler, Harry"]
[Black "Lukacs, Peter"]
[Result "1/2-1/2"]
[WhiteElo "2485"]
[BlackElo "2460"]
[PlyCount "29"]
[EventDate "1983.09.??"]
[Source "www.chesslib.no"]
[SourceDate "2004.05.04"]

1. b3 d5 2. Bb2 Bg4 3. Nf3 Nd7 4. g3 Ngf6 5. Bg2 e6 6. d3 a5 7. a3 a4 8. b4 c5 9. bxc5 Bxc5 10. O-O O-O 11. Nbd2 b5 12. Ra2 Qb6 13. Qa1 b4 14. axb4 Bxb4 15. Bxf6 1/2-1/2

[Event "Mravinci-A"]
[Site "Mravinci"]
[Date "1995.??.??"]
[Round "?"]
[White "Cvorovic, Drazen"]
[Black "Kovacevic, Vlatko"]
[Result "1-0"]
[WhiteElo "2425"]
[BlackElo "2520"]
[PlyCount "99"]
[EventDate "1995.??.??"]
[Source "www.chesslib.no"]
[SourceDate "2004.05.04"]

1. b3 d5 2. Bb2 c6 3. e3 Bf5 4. f4 e6 5. Nf3 Nd7 6. g3 Ngf6 7. Bg2 a5 8. a4 Bc5 9. Nc3 h6 10. Ne2 Qc7 11. O-O O-O 12. Kh1 Bh7 13. Ned4 Bd6 14. Nh4 Be7 15. d3 Rfe8 16. Qe2 Nc5 17. Rae1 Rad8 18. Bc3 Na6 19. Ba1 Nb4 20. Nhf3 Nd7 21. g4 b5 22. g5 bxa4 23. bxa4 hxg5 24. Nxg5 Bxg5 25. fxg5 c5 26. Nb5 Qb8 27. Qh5 Bg6 28. Qh4 Nxc2 29. Bxg7 Kxg7 30. Qh6+ Kg8 31. Rxf7 Bxf7 32. g6 Nf6 33. Rf1 Qe5 34. gxf7+ Kxf7 35. d4 cxd4 36. Qh7+ Kf8 37. Qg6 Rd7 38. exd4 Nxd4 39. Rxf6+ Ke7 40. Nxd4 Qxd4 41. Rxe6+ Kd8 42. Rxe8+ Kc7 43. Qc2+ Kd6 44. Bh3 Qa1+ 45. Kg2 Rg7+ 46. Kf3 Qh1+ 47. Kf4 Rf7+ 48. Kg5 Qg1+ 49. Kh5 Rf6 50. Rd8+ 1-0

[Event "Bundesliga 9394"]
[Site "GER"]
[Date "1994.??.??"]
[Round "?"]
[White "Muse, Mladen"]
[Black "Maiwald, Jens-Uwe"]
[Result "1/2-1/2"]
[WhiteElo "2455"]
[BlackElo "2490"]
[PlyCount "53"]
[EventDate "1993.10.??"]
[Source "www.chesslib.no"]
[SourceDate "2004.05.04"]

1. b3 d5 2. Bb2 c6 3. e3 Nf6 4. f4 Bg4 5. Be2 Bxe2 6. Qxe2 e6 7. Nf3 Be7 8. d3 c5 9. Nbd2 Nc6 10. Ne5 Nxe5 11. fxe5 Nd7 12. c4 O-O 13. cxd5 exd5 14. O-O Qb6 15. Nf3 Rae8 16. d4 f6 17. Qd2 Rd8 18. dxc5 Nxc5 19. Bd4 fxe5 20. Nxe5 Qe6 21. Rac1 Ne4 22. Qb2 Qa6 23. a4 Bb4 24. Nf3 Rd7 25. Ne5 Rdd8 26. Nf3 Rd7 27. Ne5 1/2-1/2

[Event "Villa de Mislata op-10"]
[Site "Mislata"]
[Date "2001.08.24"]
[Round "5.3"]
[White "Gonzalez Rodriguez, Jorge A"]
[Black "Franco Ocampos, Zenon"]
[Result "1/2-1/2"]
[WhiteElo "2428"]
[BlackElo "2515"]
[PlyCount "25"]
[EventDate "2001.08.20"]
[Source "www.chesslib.no"]
[SourceDate "2004.05.04"]

1. b3 d5 2. e3 Nf6 3. Bb2 e6 4. Nf3 b6 5. d4 Bb7 6. Bd3 Nbd7 7. O-O Bd6 8. c4 O-O 9. Ne5 Ne4 10. Nxd7 Qxd7 11. f3 Nf6 12. Nd2 c5 13. dxc5 1/2-1/2

[Event "Madrid"]
[Site "Madrid"]
[Date "1973.??.??"]
[Round "6"]
[White "Bellon Lopez, Juan Manuel"]
[Black "Furman, Semen Abramovich"]
[Result "0-1"]
[WhiteElo "2400"]
[BlackElo "2540"]
[PlyCount "80"]
[EventDate "1973.??.??"]
[Source "ChessBase"]

1. b3 d5 2. Bb2 Nf6 3. e3 g6 4. g3 Bg7 5. Bg2 c5 6. f4 Nc6 7. Nf3 d4 8. Na3 O-O 9. O-O Bf5 10. Ne5 Nxe5 11. fxe5 Ng4 12. exd4 cxd4 13. Bxb7 Nxe5 14. d3 Rb8 15. Bg2 Qd7 16. Bc1 Bg4 17. Qe1 Rb6 18. Bf4 Re6 19. Qa5 Be2 20. Rf2 Ng4 21. Rxe2 Rxe2 22. Bf3 Re3 23. Rf1 h5 24. Bxg4 Qxg4 25. Bxe3 dxe3 26. Qe1 Bh6 27. Nc4 Qd4 28. Rf3 Rc8 29. Kf1 Rc6 30. Ke2 Re6 31. c3 Qg4 32. Qf1 f5 33. b4 Bg7 34. h3 Qg5 35. d4 f4 36. a4 Qd5 37. Nb2 Qb3 38. Qc1 Rc6 39. Kd3 Bxd4 40. Kxd4 Rd6+ 0-1

[Event "It"]
[Site "?"]
[Date "1998.12.14"]
[Round "3"]
[White "Prusikhin Mihailo"]
[Black "Prie Eric"]
[Result "0-1"]
[WhiteElo "2475"]
[BlackElo "2465"]
[PlyCount "79"]
[EventDate "1998.??.??"]
[Source "www.chesslib.no"]
[SourceDate "2004.05.04"]

1. b3 d5 2. Bb2 Bg4 3. g3 Nc6 4. Bg2 Qd7 5. h3 Bf5 6. Nf3 f6 7. d4 Nb4 8. Na3 c6 9. c3 Na6 10. Nb1 g5 11. h4 g4 12. Nfd2 h5 13. e4 Bg6 14. O-O e6 15. Re1 Nc7 16. Ba3 Ne7 17. c4 dxe4 18. Nxe4 Bxe4 19. Rxe4 O-O-O 20. Bc5 f5 21. Re1 b6 22. Bxe7 Bxe7 23. Nc3 Bf6 24. Ne2 c5 25. dxc5 Qg7 26. Qc1 Bxa1 27. Qa3 Kb8 28. cxb6 axb6 29. c5 Bd4 30. cxb6 Bxb6 31. Qb4 Na8 32. Bxa8 Kxa8 33. Qxb6 Qb7 34. Qa5+ Qa7 35. Qe5 Rhe8 36. Nf4 Rd2 37. Rf1 Qb6 38. Nxh5 Rc8 39. Nf4 Rc1 40. Qh8+ 0-1

[Event "It (Open) INT"]
[Site "?"]
[Date "2006.05.06"]
[Round "?"]
[White "Kabanov Nikolai"]
[Black "Krivonosov Oleg"]
[Result "0-1"]
[WhiteElo "2504"]
[BlackElo "2432"]
[PlyCount "162"]
[EventDate "2006.??.??"]
[Source "www.chesslib.no"]
[SourceDate "2004.05.04"]

1. b3 d5 2. Bb2 Nf6 3. e3 e6 4. f4 c5 5. Nf3 Be7 6. Bb5+ Bd7 7. Bd3 O-O 8. O-O Nc6 9. Nc3 Nb4 10. Be2 Re8 11. Ne5 Nc6 12. Bd3 Nb4 13. Be2 Bf8 14. a3 Nc6 15. Bd3 Qc7 16. Ne2 Ne4 17. Ng3 Nxg3 18. hxg3 Nxe5 19. Bxe5 Bd6 20. Bxh7+ Kxh7 21. Qh5+ Kg8 22. Bxg7 Kxg7 23. Qg5+ Kf8 24. Kf2 Bxf4 25. gxf4 Qd8 26. Qh6+ Ke7 27. Rh1 Rg8 28. Rh5 Qf8 29. Rah1 Qxh6 30. Rxh6 Rg4 31. Rh8 Rxh8 32. Rxh8 f5 33. Ra8 a6 34. Rb8 Bc6 35. Rh8 Rg7 36. g3 d4 37. exd4 cxd4 38. c3 dxc3 39. dxc3 Kd6 40. Rd8+ Rd7 41. Re8 Re7 42. Rd8+ Kc7 43. Rh8 e5 44. fxe5 Rxe5 45. Rf8 Be4 46. Ke3 Rd5 47. Kf4 Rd3 48. g4 Rxc3 49. gxf5 Bxf5 50. Rxf5 Rxb3 51. a4 Rb4+ 52. Ke5 Rxa4 53. Rf6 Ra5+ 54. Kd4 Rb5 55. Kc4 Rb6 56. Rf7+ Kb8 57. Kc5 Rb1 58. Rg7 Ka7 59. Rh7 a5 60. Rg7 Ka6 61. Rg8 b6+ 62. Kc4 Rb4+ 63. Kc3 Rh4 64. Rg5 a4 65. Rf5 b5 66. Rf8 Rh3+ 67. Kb4 Rb3+ 68. Kc5 a3 69. Ra8+ Kb7 70. Ra5 b4 71. Kc4 Rb2 72. Ra4 a2 73. Kd3 b3 74. Kc3 Rb1 75. Ra3 Kc6 76. Kc4 a1=Q 77. Rxa1 Rxa1 78. Kxb3 Kc5 79. Kb2 Rh1 80. Kc2 Rh3 81. Kd2 Kd4 0-1

[Event "Arnold Cup"]
[Site "Gausdal NOR"]
[Date "1994.??.??"]
[Round "6"]
[White "Karlsson, Lars C-G"]
[Black "Lyrberg, Patrik"]
[Result "1/2-1/2"]
[WhiteElo "2520"]
[BlackElo "2415"]
[PlyCount "109"]
[EventDate "1994.04.??"]
[Source "www.chesslib.no"]
[SourceDate "2004.05.04"]

1. b3 d5 2. Bb2 Bf5 3. e3 Nd7 4. Nf3 Ngf6 5. Be2 h6 6. O-O e6 7. c4 c6 8. d3 Bd6 9. Nbd2 Bh7 10. a3 O-O 11. Re1 Qe7 12. b4 a5 13. c5 Bc7 14. Bf1 axb4 15. axb4 b6 16. cxb6 Bxb6 17. Qb3 c5 18. Rxa8 Rxa8 19. b5 Qe8 20. Ra1 Rxa1 21. Bxa1 Qc8 22. Bc3 Qb7 23. Qb2 Bc7 24. d4 c4 25. Ne5 Nxe5 26. dxe5 Nd7 27. e4 Nc5 28. Qa3 Bb6 29. Bd4 Qa7 30. Qxa7 Bxa7 31. exd5 exd5 32. Bxc4 dxc4 33. Nxc4 Be4 34. b6 Bxb6 35. Nxb6 Ne6 36. Be3 Nd8 37. f4 h5 38. Kf2 Ne6 39. g3 Bf5 40. Bd2 Kf8 41. Bb4+ Kg8 42. Nc8 Bh3 43. Ne7+ Kh7 44. Ke3 g6 45. Nd5 g5 46. Be7 gxf4+ 47. gxf4 Ng7 48. Bf6 Nf5+ 49. Kf2 Bg4 50. Nc3 Kg6 51. Bd8 Ng7 52. Nb5 Nf5 53. Bg5 Bd1 54. h4 Bb3 55. Nc3 1/2-1/2

[Event "5. Open"]
[Site "?"]
[Date "2004.11.07"]
[Round "8"]
[White "Gonzalez Rodriguez Jorge A"]
[Black "Damljanovic Branko"]
[Result "0-1"]
[WhiteElo "2354"]
[BlackElo "2578"]
[PlyCount "20"]
[EventDate "2004.??.??"]
[Source "www.chesslib.no"]
[SourceDate "2004.05.04"]

1. b3 d5 2. e3 c6 3. Bb2 Bf5 4. d4 e6 5. Bd3 Bg6 6. Nf3 Nd7 7. O-O Ngf6 8. c4 Qc7 9. Nc3 Bd6 10. Rc1 Qb8 0-1

[Event "XXXIV Open internazionale"]
[Site "Siviglia SPA"]
[Date "2009.01.28"]
[Round "6"]
[White "Ibarra Jerez, Jose Carlos"]
[Black "Huerga Leache, Mikel"]
[Result "1/2-1/2"]
[WhiteElo "2513"]
[BlackElo "2418"]
[PlyCount "25"]
[EventDate "2009.01.23"]
[Source "www.chesslib.no"]
[SourceDate "2004.05.04"]

1. b3 d5 2. e3 Nf6 3. Bb2 Bg4 4. Nf3 Nbd7 5. Be2 e6 6. c4 c6 7. h3 Bxf3 8. Bxf3 Bd6 9. O-O Qe7 10. Nc3 Ba3 11. Qc1 Bxb2 12. Qxb2 a5 13. d4 1/2-1/2